Zakladateľ veľkolepej epochy krátky, ale plodný život Alexandra Veľkého

Bibliographic Details
Main Author: Kuklica, Peter, 1933-2015 (Author)
Format: Article
Language:Slovak
PhysicalDescription:Fotogr.
Subjects:

MARC

LEADER 00000nab a2200000 a 4500
001 vtls000659521
003 SK-MaSNL
005 20260304102651.0
008 250425c1998 xo 0 slo
015 |a SNBRA1998/04-11460 
035 |a CLN000011713 
035 |a urn:nbn:sk:snk-ab1k8u 
035 |a (urnnbn)urn:nbn:sk:snk:ar-004b6n 
035 |a (uuid)4f1bfb76-3776-40e8-9f51-bf31b31e7169 
040 |a SNKBUCL  |b slo  |c SNKBUCL  |e AACR2 
041 0 |a slo 
044 |a xo  |c SK 
080 |a 938-051"03"  |2 1997 
100 1 |a Kuklica, Peter,  |d 1933-2015  |4 aut  |9 216229 
245 1 0 |a Zakladateľ veľkolepej epochy  |b krátky, ale plodný život Alexandra Veľkého  |c Peter Kuklica 
300 |b Fotogr. 
600 0 7 |a Alexander Veľký,  |c macedónsky kráľ,  |d 356 pred Kr.-323 pred Kr.  |2 snkbucl  |9 163183 
655 7 |a články z novín a časopisov  |2 snkbucl  |9 267496 
773 0 |t Historická revue  |g Roč. 9, č. 4 (1998), s. 4-6 
850 |a Slovenská národná knižnica 
852 |a Slovenská národná knižnica 
954 |a odborná, vedecká literatúra pôvodná (slovenská)  |2 lita 
958 |a article27 
958 |a GR 
958 |a BC 
958 |a OND 
958 |a EUIPO 
992 |a RBX 
999 |c 2845950  |d 2847880